000 00858nam a22002897a 4500
003 CHAP
005 20220329140912.0
008 971013s1956 r 00010 d
010 _a59531
011 _a60503
035 _a64665
040 _cCHAP
082 _a629.244
_bP87
100 0 0 _aPurvis, Jud.
_993059
245 _aAutomatic transmissions simplifed
250 _a(2 ed.)
260 _aChicago :
_bGoodheart-Willcox,
_c1956
300 _a396 p.
_b: ilus.
590 _aBATCH-UPD
_b10
_c20130110
_lUCH01
_h0533
590 _aBATCH-UPD
_b10
_c20130410
_lUCH01
_h0213
590 _aBATCH-UPD
_b10
_c20130914
_lUCH01
_h1947
590 _aCONVERSION
_b10
_c20130109
_lUCH01
_h1332
650 1 4 _aTransmisiones
_x(Automóviles)
_9114632
901 _aBK
942 _cLIBRO
949 _a629.244 P87
_bBC
_cLIBRO
_d33724002204405
_eLIBRO
_h19249
_i64665
_si
_t75.00
999 _c59531
_d59531